| 000 | 02118nam a2200253Ia 4500 | ||
|---|---|---|---|
| 003 | Ost | ||
| 005 | 20260507075228.0 | ||
| 008 | 260507s9999||||xx |||||||||||||| ||und|| | ||
| 020 | _a47761199579 | ||
| 040 | _cfsecg | ||
| 041 | _aara | ||
| 082 | _a330 | ||
| 100 |
_aالجنابي، هيل عجمي جميل _eمؤلف |
||
| 245 | 0 |
_aالنقود و المصارف و النظرية النقدية / _c هيل عجمي جميل الجنابي |
|
| 260 |
_aعمان: _bدار وائل, _c2008 |
||
| 300 |
_a291 صفحة؛ _bإيضاحات ؛ _c24 سم |
||
| 504 | _a(اقتناءات 2014 3ن) | ||
| 520 | _aنشأة النقود ، القواعد النقدية ، عرض النقد و العوامل المؤثرة فيه ، سرعة تداول التقود و العوامل المؤثرة فيه ، النقود و السيولة و الثروة ، البنوك التجارية و مفهومها و دورهافي الوساطة المالية ، دور البنوك التجارية في التأثير على الودائع ، البنوك المركزية ، النظرية النقدية الكلاسيكية ، بناء النظرية الكلاسيكية في اطار نظرية المعاملات ، الافكار الجديدة في أثر النقود على النشاط الاقتصادي ، التحليل النيوكلاسيكي للنقود (نظرية الارصدة النقدية ) ، دور النقود في النشاط الاقتصادي في ظل الافكار الكينزية و النظرية الكمية الجديدة، الطلب على النقود في اطار التحليل الكلاسيكي و النيوكلاسيكي ، دوافع الطلب علىالنقود عند النظرية الكينزية ، النظرية النقدية المعاصرة لكمية النقود ، السياسة النقدية و أهدافها و أدواتها ، التضخم. | ||
| 653 | _aالأنظمة النقدية | ||
| 653 | _aالمصارف | ||
| 653 | _aالنقود | ||
| 700 |
_aرمزي ياسين يسع، ارسلان _eمؤلف ثانوي |
||
| 942 | _cكتاب | ||
| 999 |
_c43548 _d43548 |
||